General view of the agriculture of the county of Sussex : With observations on the means of its improvement. By the Rev. Arthur Young. Drawn up for the consideration of the Board of Agriculture and Internal Improvement.

Bibliographic Details
Main Author: Young, Arthur, Rev
Corporate Author: Gale (Firm)
Format: eBook
Language:English
Subjects:
Online Access:Connect to the full text of this electronic book

MARC

Tag First Indicator Second Indicator Subfields
LEADER 00000cam a2200000 4500
001 in00003869621
005 20190415191620.0
006 m o d
007 cr |n||||||||n
008 790602s1793 enk|||| o 00| ||eng c
035 |a (CU-RivES)T40681 
035 |a (Uk-ES)006240727 
035 |a (OCoLC)508613256 
040 |a Uk-ES  |c Uk-ES  |d CU-RivES  |d CStRLIN  |d Cengage Gale  |d UtOrBLW 
050 4 |a S457.S85  |b Y686 1793 
100 1 |a Young, Arthur,  |c Rev. 
245 1 0 |a General view of the agriculture of the county of Sussex :  |b With observations on the means of its improvement. By the Rev. Arthur Young. Drawn up for the consideration of the Board of Agriculture and Internal Improvement. 
264 3 |a London :  |b Printed by J. Nichols,  |c M.DCC.XCIII. [1793] 
300 |a 1 online resource (97, 1 unnumbered pages, plates) :  |b map ; 
336 |a text  |b txt  |2 rdacontent 
337 |a computer  |b c  |2 rdamedia 
338 |a online resource  |b cr  |2 rdacarrier 
500 |a The '7' has failed to print in the final page numeral. 
500 |a With a half-title. 
510 4 |a English Short Title Catalog,  |c T40681. 
500 |a Reproduction of original from University of London's Goldsmiths' Library. 
500 |a Electronic resource. 
650 0 |a Agriculture  |z England  |z Suffolk  |v Early works to 1800. 
655 7 |a Electronic books.  |2 local 
710 2 |a Gale (Firm)  |0 http://id.loc.gov/authorities/names/no2008071348 
752 |a Great Britain  |b England  |d London. 
856 4 0 |u http://proxy.library.tamu.edu/login?url=http://find.galegroup.com/ecco/infomark.do?contentSet=ECCOArticles&docType=ECCOArticles&bookId=1599101300&type=getFullCitation&tabID=T001&prodId=ECCO&docLevel=TEXT_GRAPHICS&version=1.0&source=library&userGroupName=txshracd2898  |z Connect to the full text of this electronic book  |t 0 
999 f f |s a6c5d609-0d77-3459-899b-13bb03e0679c  |i ece43546-f970-3023-8a84-89dff1e5f112  |t 0 
952 f f |a Texas A&M University  |b College Station  |c Electronic Resources  |d Available Online  |t 0  |e S457.S85 Y686 1793  |h Library of Congress classification 
998 f f |a S457.S85 Y686 1793  |t 0  |l Available Online